Basic & applied concepts of blood banking and transfusion practices /
Saved in:
| Main Author: | |
|---|---|
| Other Authors: | |
| Format: | Book |
| Language: | English |
| Published: |
St. Louis, Mo. :
Elsevier,
©2013.
|
| Edition: | 3rd ed. |
| Subjects: | |
| Online Access: | Visit NHRC Library |
| Tags: |
Add Tag
No Tags, Be the first to tag this record!
|
| LEADER | 02114cam a22005175a 4500 | ||
|---|---|---|---|
| 001 | 19485715 | ||
| 005 | 20220906184658.0 | ||
| 008 | 170208s2013 moua bp 001 0 eng d | ||
| 016 | 7 | |a 101597304 |2 DNLM | |
| 020 | |a 9780323086639 |q (pbk.) | ||
| 020 | |a 0323086632 |q (pbk.) | ||
| 035 | |a (OCoLC)ocn817741300 | ||
| 040 | |a TTS |b eng |c NLM |d TTS |d YDXCP |d TMY |d CUD |d VET |d OCLCF |d OCLCQ |d OCLCO |d OCLCQ |d MYUKM |d DLC | ||
| 042 | |a nlmcopyc |a lccopycat | ||
| 050 | 0 | 0 | |a RM171 |b .B582 2013 |
| 060 | 0 | 0 | |a 2012 J-198 |
| 060 | 1 | 0 | |a WB 18.2 |
| 082 | 0 | 4 | |a 615.39 |2 23 |
| 100 | 1 | |a Blaney, Kathy D. |9 631 | |
| 245 | 1 | 0 | |a Basic & applied concepts of blood banking and transfusion practices / |c Kathy D. Blaney, Paula R. Howard. |
| 246 | 3 | |a Basic and applied concepts of blood banking and transfusion practices | |
| 246 | 3 | |a Blood banking and transfusion practices | |
| 250 | |a 3rd ed. | ||
| 260 | |a St. Louis, Mo. : |b Elsevier, |c ©2013. | ||
| 300 | |a xvii, 387 p. : |b ill. (some col.) ; |c 28 cm. | ||
| 500 | |a Revised edition of: Basic & applied concepts of immunohematology / Kathy D. Blaney, Paula R. Howard. 2nd ed. c2009. | ||
| 504 | |a Includes bibliographical references and index. | ||
| 650 | 0 | |a Blood banks. |9 632 | |
| 650 | 0 | |a Blood |x Transfusion. |9 633 | |
| 650 | 0 | |a Immunohematology. |9 634 | |
| 650 | 1 | 2 | |a Blood Transfusion |x methods. |9 635 |
| 650 | 2 | 2 | |a Blood Banks. |9 636 |
| 650 | 2 | 2 | |a Blood Group Antigens |x immunology. |9 637 |
| 650 | 2 | 2 | |a Blood Grouping and Crossmatching |x methods. |9 638 |
| 650 | 2 | 2 | |a Hematologic Diseases |x immunology. |9 639 |
| 650 | 2 | 2 | |a Hematologic Tests |x methods. |9 640 |
| 650 | 7 | |a Blood banks. |2 fast |9 632 | |
| 650 | 7 | |a Blood |x Transfusion. |2 fast |9 633 | |
| 650 | 7 | |a Immunohematology. |2 fast |9 634 | |
| 655 | 2 | |a Programmed Instruction. |9 641 | |
| 700 | 1 | |a Howard, Paula R. |9 642 | |
| 856 | 4 | |u http://evolve.elsevier.com/Blaney/bloodbank |y Visit NHRC Library | |
| 942 | |2 NLM |c BK | ||
| 952 | |0 0 |1 0 |2 NLM |4 0 |6 WB_18_200000000000000_BLA_2013 |7 0 |9 2602 |a NHRC |b NHRC |c CART |d 2017-02-16 |l 0 |o WB 18.2/BLA/2013 |p 002142 |r 2017-02-16 |w 2017-02-16 |y BK | ||
| 955 | |b rl46 2017-02-08 z-processor | ||
| 999 | |c 2469 |d 2469 | ||